000 00444nam a2200169Ia 4500
008 220603s9999 xx 000 0 und d
020 _a978-81-8448-668-1
082 _a610.724
_bFAI
100 _aFain James
_992415
245 _aReading Understanding and Applying Nursing Research
250 _a3rd ed
260 _aPhiladelphia
_bF A Davis Company
_c2009
300 _a291p
365 _bRs.
542 _bBSC
999 _c56406
_d56406